Historias ocultas de la 2a. guerra mundial

Saved in:
Bibliografiske detaljer
Format: Bog
Sprog:spansk
Udgivet: Santiago Aún Creemos en los Sueños 2005
Serier:Selección de Artículos de Le Monde Diplomatique, 43
Fag:
Tags: Tilføj Tag
Ingen Tags, Vær først til at tagge denne postø!

MARC

LEADER 00000nam a2200000 a 4500
001 UCK6261
003 CL-VaPUC
008 050909e20050000CL |||||||||||||||||spa|d
020 |a 9568134433 
082 0 4 |a 940.53  |b HIS  |2 21 
245 1 0 |a Historias ocultas de la 2a. guerra mundial 
300 |a 72 p 
942 |c BK 
945 |d 20050909 00:00:00  |a jcarroza 
260 |a Santiago  |b Aún Creemos en los Sueños  |c 2005 
650 0 |a Segunda Guerra Mundial  |9 325982 
650 0 |a Nazismo   |9 347078 
650 0 |a Mujeres  |9 257649 
650 0 |a Judíos  |9 313771 
583 |a last modification  |c 20050909 00:00:00  |k Rodrigo Vera 
490 0 |a Selección de Artículos de Le Monde Diplomatique, 43 
999 |c 314560  |d 314558 
952 |0 0  |1 0  |4 0  |6 940_530000000000000_HIS_2005  |7 0  |8 A  |9 386953  |a BIBHIS  |b BIBHIS  |d 2019-11-22  |i 4161882  |o 940.53 HIS 2005  |p 4161882  |r 2025-01-20  |w 2019-11-22  |y BK  |k HIS 
952 |0 0  |1 0  |4 0  |6 940_530000000000000_HIS_2005  |7 0  |8 A  |9 386954  |a BIBHIS  |b BIBHIS  |d 2019-11-22  |i 4485904  |o 940.53 HIS 2005  |p 4485904  |r 2025-01-20  |w 2019-11-22  |y BK  |k HIS